|
|
|
|
| LEADER |
01239nam a2200241 a 4500 |
| 008 |
100511r20012000cc 000 0 eng d |
| 020 |
|
|
|a 8173661227
|
| 020 |
|
|
|a 0596000324
|
| 040 |
|
|
|a DLC
|c DLC
|d DLC
|d BD-DhAAL
|
| 082 |
0 |
0 |
|a 005.13/3
|2 21
|
| 100 |
1 |
|
|a Vromans, Johan.
|
| 245 |
1 |
0 |
|a Perl 5 pocket reference /
|c Johan Vromans.
|
| 250 |
|
|
|a 3rd ed.
|
| 260 |
|
|
|a Beijing ;
|a Sebastopol, CA :
|b O'Reilly, ;
|a Calcutta :
|b Shroff Publishers,
|c c2000.[Reprinted 2001]
|
| 300 |
|
|
|a 90 p. ;
|c 18 cm.
|
| 504 |
|
|
|a Includes index.
|
| 541 |
1 |
|
|e 00017922
|
| 650 |
|
0 |
|a Perl (Computer program language)
|
| 852 |
4 |
|
|a Ayesha Abed Library
|j General shelf
|
| 999 |
|
|
|c 8968
|d 8968
|
| 952 |
|
|
|0 0
|1 0
|2 ddc
|4 0
|6 005_133000000000000_VRO_2001
|7 0
|9 11046
|a BRACUL
|b BRACUL
|c GEN
|d 2010-06-17
|e D. S. Books International
|l 0
|o 005.133 VRO
|p 3010017922
|r 2010-06-17
|t 2
|w 2010-06-17
|y BK
|x USD 2.80
|
| 952 |
|
|
|0 0
|1 0
|2 ddc
|4 0
|6 005_133000000000000_VRO_2001
|7 0
|9 13284
|a BRACUL
|b BRACUL
|c GEN
|d 2010-11-24
|e D. S. Books International
|l 0
|o 005.133 VRO
|p 3010017921
|r 2010-11-24
|t 1
|w 2010-11-24
|y BK
|x USD 2.80
|
| 952 |
|
|
|0 0
|1 0
|2 ddc
|4 0
|6 005_133000000000000_VRO_2001
|7 0
|9 13285
|a BRACUL
|b BRACUL
|c GEN
|d 2010-11-24
|e D. S. Books International
|l 0
|o 005.133 VRO
|p 3010017924
|r 2010-11-24
|t 3
|w 2010-11-24
|y BK
|x USD 2.80
|